000
00333nam a2200145Ia 4500
008
150201s2011 xx 000 0 und d
082
_a
610.73
_b
C11C
100
_a
CORREIA, CECY
245
_a
COPREHENSIVE NURSING MANUAL
250
_a
1ST
260
_b
JAYPEE
_a
DELHI
_c
2011
300
_a
377
650
_a
NURSING
942
_2
ddc
_c
BK
999
_c
2433
_d
2433